Performance and management in the public sector: testing a model of relative risk aversion (Record no. 115705)

000 -LEADER
fixed length control field 00502pab a2200169 454500
008 - FIXED-LENGTH DATA ELEMENTS--GENERAL INFORMATION
fixed length control field 180718b2017 xxu||||| |||| 00| 0 eng d
100 ## - MAIN ENTRY--PERSONAL NAME
Personal name Nicholson-Crotty, Sean
245 ## - TITLE STATEMENT
Title Performance and management in the public sector: testing a model of relative risk aversion
260 ## - PUBLICATION, DISTRIBUTION, ETC.
Date of publication, distribution, etc. 2017
300 ## - PHYSICAL DESCRIPTION
Extent p.603-614.
362 ## - DATES OF PUBLICATION AND/OR SEQUENTIAL DESIGNATION
Dates of publication and/or sequential designation Jul-Aug
650 ## - SUBJECT ADDED ENTRY--TOPICAL TERM
Topical term or geographic name entry element Public sector
650 ## - SUBJECT ADDED ENTRY--TOPICAL TERM
Topical term or geographic name entry element Performance appraisal
700 ## - ADDED ENTRY--PERSONAL NAME
Personal name Nicholson-Crotty, Jill
773 ## - HOST ITEM ENTRY
Main entry heading Public Administration Review
909 ## -
-- 115711
Holdings
Withdrawn status Lost status Damaged status Not for loan Permanent Location Current Location Date acquired Serial Enumeration / chronology Barcode Date last seen Price effective from Koha item type
        Indian Institute of Public Administration Indian Institute of Public Administration 2018-07-19 Volume no: 77, Issue no: 4 AR116171 2018-07-19 2018-07-19 Articles

Powered by Koha